Random Clothing Brand Quiz - Statistics

General Stats
  • This quiz has been taken 96 times
  • The average score is 11 of 20
Answer Stats
Picture Answer % Correct
Nike
97%
Puma
96%
Adidas
95%
Louis Vuitton
91%
Chanel
88%
Gucci
87%
New Balance
87%
Converse
73%
North face
72%
Under armor
64%
Umbro
55%
Omega
48%
Reebok
41%
Hermes
24%
Columbia
17%
Givenchy
17%
Burberry
15%
Alexander McQueen
13%
Zara
7%
Mejuri
1%
No matching quizzes found
Score Distribution
Percent of People with Each Score
Percentile by Number Answered
Your Score History
You have not taken this quiz